<?xml version="1.0" encoding="UTF-8"?>
<record
    xmlns:xsi="http://www.w3.org/2001/XMLSchema-instance"
    xsi:schemaLocation="http://www.loc.gov/MARC21/slim http://www.loc.gov/standards/marcxml/schema/MARC21slim.xsd"
    xmlns="http://www.loc.gov/MARC21/slim">

  <leader>01083nam a22001577a 4500</leader>
  <controlfield tag="008">190920b        xxu||||| |||| 00| 0 eng d</controlfield>
  <datafield tag="020" ind1=" " ind2=" ">
    <subfield code="a">9789988118635</subfield>
  </datafield>
  <datafield tag="050" ind1=" " ind2=" ">
    <subfield code="a">REF</subfield>
  </datafield>
  <datafield tag="100" ind1=" " ind2=" ">
    <subfield code="a">Atintande, M'Bawine.</subfield>
  </datafield>
  <datafield tag="245" ind1=" " ind2=" ">
    <subfield code="a">The roadmap: media in society. /</subfield>
    <subfield code="c">M'Bwawine Atintande.</subfield>
  </datafield>
  <datafield tag="260" ind1=" " ind2=" ">
    <subfield code="a">Accra :</subfield>
    <subfield code="b">Arrowhead,</subfield>
    <subfield code="c">2008.</subfield>
  </datafield>
  <datafield tag="300" ind1=" " ind2=" ">
    <subfield code="a">xv, 203 p. :</subfield>
    <subfield code="c">22 cm.</subfield>
  </datafield>
  <datafield tag="500" ind1=" " ind2=" ">
    <subfield code="a">Includes index.</subfield>
  </datafield>
  <datafield tag="505" ind1=" " ind2=" ">
    <subfield code="a">Contents: Media research and growth: Communication policy and research -- Assessing the analytical value of the concept of 'genre' -- Challenges facing the Ghanaian media in this information age -- The media and the public interest: Public service media, public interest and the public sphere -- Adult concerns over television viewing by children -- The media, national development and democracy: Differential development of regional media -- The media and national development -- Professionalisation in the media -- Media in the democratic process: the centrality of source-media relations -- The power and influence of the media as the fourth estate of the realm.</subfield>
  </datafield>
  <datafield tag="942" ind1=" " ind2=" ">
    <subfield code="2">lcc</subfield>
    <subfield code="c">BK</subfield>
  </datafield>
  <datafield tag="999" ind1=" " ind2=" ">
    <subfield code="c">6968</subfield>
    <subfield code="d">14468</subfield>
  </datafield>
  <datafield tag="952" ind1=" " ind2=" ">
    <subfield code="0">0</subfield>
    <subfield code="1">0</subfield>
    <subfield code="2">lcc</subfield>
    <subfield code="4">0</subfield>
    <subfield code="7">0</subfield>
    <subfield code="a">WIUC-1</subfield>
    <subfield code="b">WIUC-1</subfield>
    <subfield code="c">REF</subfield>
    <subfield code="d">2019-09-20</subfield>
    <subfield code="l">0</subfield>
    <subfield code="o">REF</subfield>
    <subfield code="p">8430/024/19</subfield>
    <subfield code="r">2019-09-20 00:00:00</subfield>
    <subfield code="t">1</subfield>
    <subfield code="w">2019-09-20</subfield>
    <subfield code="y">BK</subfield>
  </datafield>
  <datafield tag="952" ind1=" " ind2=" ">
    <subfield code="0">0</subfield>
    <subfield code="1">0</subfield>
    <subfield code="2">lcc</subfield>
    <subfield code="4">0</subfield>
    <subfield code="7">0</subfield>
    <subfield code="a">WIUC-1</subfield>
    <subfield code="b">WIUC-1</subfield>
    <subfield code="c">REF</subfield>
    <subfield code="d">2019-09-20</subfield>
    <subfield code="l">0</subfield>
    <subfield code="o">REF</subfield>
    <subfield code="p">8431/025/19</subfield>
    <subfield code="r">2019-09-20 00:00:00</subfield>
    <subfield code="t">2</subfield>
    <subfield code="w">2019-09-20</subfield>
    <subfield code="y">BK</subfield>
  </datafield>
  <datafield tag="952" ind1=" " ind2=" ">
    <subfield code="0">0</subfield>
    <subfield code="1">0</subfield>
    <subfield code="2">lcc</subfield>
    <subfield code="4">0</subfield>
    <subfield code="7">0</subfield>
    <subfield code="a">WIUC-1</subfield>
    <subfield code="b">WIUC-1</subfield>
    <subfield code="c">REF</subfield>
    <subfield code="d">2019-09-20</subfield>
    <subfield code="l">0</subfield>
    <subfield code="o">REF</subfield>
    <subfield code="p">8432/026/19</subfield>
    <subfield code="r">2019-09-20 00:00:00</subfield>
    <subfield code="t">3</subfield>
    <subfield code="w">2019-09-20</subfield>
    <subfield code="y">BK</subfield>
  </datafield>
  <datafield tag="952" ind1=" " ind2=" ">
    <subfield code="0">0</subfield>
    <subfield code="1">0</subfield>
    <subfield code="2">lcc</subfield>
    <subfield code="4">0</subfield>
    <subfield code="7">0</subfield>
    <subfield code="a">WIUC-KL</subfield>
    <subfield code="b">WIUC-KL</subfield>
    <subfield code="c">GEN</subfield>
    <subfield code="d">2019-11-14</subfield>
    <subfield code="l">0</subfield>
    <subfield code="o">HM1206.A87</subfield>
    <subfield code="p">K/2182/2182/19</subfield>
    <subfield code="r">2021-12-17 00:00:00</subfield>
    <subfield code="t">1</subfield>
    <subfield code="w">2019-09-20</subfield>
    <subfield code="y">BK</subfield>
  </datafield>
  <datafield tag="952" ind1=" " ind2=" ">
    <subfield code="0">0</subfield>
    <subfield code="1">0</subfield>
    <subfield code="2">lcc</subfield>
    <subfield code="4">0</subfield>
    <subfield code="7">0</subfield>
    <subfield code="a">WIUC-KL</subfield>
    <subfield code="b">WIUC-KL</subfield>
    <subfield code="c">GEN</subfield>
    <subfield code="d">2019-11-14</subfield>
    <subfield code="l">0</subfield>
    <subfield code="o">HM1206.A871</subfield>
    <subfield code="p">K/2183/2183/19</subfield>
    <subfield code="r">2021-12-17 00:00:00</subfield>
    <subfield code="t">2</subfield>
    <subfield code="w">2019-09-20</subfield>
    <subfield code="y">BK</subfield>
  </datafield>
  <datafield tag="952" ind1=" " ind2=" ">
    <subfield code="0">0</subfield>
    <subfield code="1">0</subfield>
    <subfield code="2">lcc</subfield>
    <subfield code="4">0</subfield>
    <subfield code="7">0</subfield>
    <subfield code="a">WIUC-KL</subfield>
    <subfield code="b">WIUC-KL</subfield>
    <subfield code="c">GEN</subfield>
    <subfield code="d">2019-11-14</subfield>
    <subfield code="l">0</subfield>
    <subfield code="o">HM1206.A872</subfield>
    <subfield code="p">K/2184/2184/19</subfield>
    <subfield code="r">2021-12-17 00:00:00</subfield>
    <subfield code="t">3</subfield>
    <subfield code="w">2019-09-20</subfield>
    <subfield code="y">BK</subfield>
  </datafield>
  <datafield tag="952" ind1=" " ind2=" ">
    <subfield code="0">0</subfield>
    <subfield code="1">0</subfield>
    <subfield code="2">lcc</subfield>
    <subfield code="4">0</subfield>
    <subfield code="7">0</subfield>
    <subfield code="a">WIUC-KL</subfield>
    <subfield code="b">WIUC-KL</subfield>
    <subfield code="c">GEN</subfield>
    <subfield code="d">2019-11-14</subfield>
    <subfield code="l">0</subfield>
    <subfield code="o">HM1206.A873</subfield>
    <subfield code="p">K/2185/2185/19</subfield>
    <subfield code="r">2021-12-17 00:00:00</subfield>
    <subfield code="t">4</subfield>
    <subfield code="w">2019-09-20</subfield>
    <subfield code="y">BK</subfield>
  </datafield>
</record>
